| 000 | 00717nam a2200241 i 4500 | ||
|---|---|---|---|
| 001 | 6909 | ||
| 003 | ES-MaACL | ||
| 005 | 20230906145123.0 | ||
| 007 | t| | ||
| 008 | 900712s1986 sp ||||1| spa d | ||
| 020 | _a84-345-8383-6 | ||
| 080 | _a518.9 | ||
| 080 | _a5:794 | ||
| 100 | 1 |
_aJargocki, Christopher P. _966129 |
|
| 245 | 1 | 0 |
_aRompecabezas y paradojas cientificos / _cChristopher P. Jargocki. |
| 260 |
_aBarcelona : _bSalvat, _c1986. |
||
| 300 |
_aIX, 165 p. ; _c19 cm. |
||
| 490 | 1 |
_aBiblioteca científica Salvat ; _v27 |
|
| 650 | 4 |
_aJuegos científicos. _914016 |
|
| 830 | 0 |
_aBiblioteca científica Salvat ; _v27 _9177703 |
|
| 852 |
_aES-MaACL _jL-14181 _bR.117705 _z. - rust. |
||
| 999 |
_c6909 _d6909 |
||